00461nam a2200157Ia 4500008004100000020001500041041001200056082001800068100006600086245005700152250001200209260003300221300001200254500002700266650001000293231217s9999 xx 000 0 und d a8178812843 aEnglish a658.15 SEE;1 aSeethapathi, K ed. Sivaram, Y G ed. Rao, Rama Krishna T S ed. 0aFinancial intermediation : innovations and practices a1st ed. c2004bICFAI PressaHyderabad avi, 208 aContent page available aICFAI